000
00291nam a2200133Ia 4500
100
_a
Williams/ Taylor
250
_a
3
942
_c
RB
654
_a
Electronic
245
_a
Electronic filter design Handbook
260
_b
McGraw Hill
_c
1995
082
_a
621.3815
_b
WIL
546
_a
ENGLISH
999
_c
23871
_d
23871